Design of concrete structures (Record no. 3628)

000 -LEADER
fixed length control field 00663nam a2200229 a 4500
001 - CONTROL NUMBER
control field 3628
003 - CONTROL NUMBER IDENTIFIER
control field BD-DhUET
008 - FIXED-LENGTH DATA ELEMENTS--GENERAL INFORMATION
fixed length control field 850621s1985 enka b 101 0 eng
020 ## - INTERNATIONAL STANDARD BOOK NUMBER
International Standard Book Number 007Y665486
040 ## - CATALOGING SOURCE
Original cataloging agency DLC
Transcribing agency DLC
Modifying agency BD-DhUET
082 00 - DEWEY DECIMAL CLASSIFICATION NUMBER
Classification number 624.183
Item number NIL/1986
100 ## - MAIN ENTRY--PERSONAL NAME
Personal name Nilson, Arthur H.
245 00 - TITLE STATEMENT
Title Design of concrete structures
Statement of responsibility, etc. by Arthur H. Nilson and George Winter
250 ## - EDITION STATEMENT
Edition statement 10th ed.
260 ## - PUBLICATION, DISTRIBUTION, ETC. (IMPRINT)
Place of publication, distribution, etc. New York:
Name of publisher, distributor, etc. McGraw Hill Book Company,
Date of publication, distribution, etc. 1986.
300 ## - PHYSICAL DESCRIPTION
Extent xi, 380 p. :
Other physical details ill. ;
Dimensions 23 cm.
490 ## - SERIES STATEMENT
Series statement Civil engineering series
504 ## - BIBLIOGRAPHY, ETC. NOTE
Bibliography, etc Includes bibliographies
650 #0 - SUBJECT ADDED ENTRY--TOPICAL TERM
Topical term or geographic name as entry element Reinforced concrete
700 ## - ADDED ENTRY--PERSONAL NAME
Personal name Winter, George
942 ## - ADDED ENTRY ELEMENTS (KOHA)
Koha item type General Book
Holdings
Date acquired Koha item type Sublocation or collection (holding branch) Not for loan Withdrawn status Koha date last seen Koha renewals Koha date last borrowed Location (home branch) Source of classification or shelving scheme Lost status Piece designation (barcode) Copy number Price effective from Damaged status Koha out on loan Koha issues (times borrowed) Koha full call number Shelving location Koha normalized classification for sorting
2014-11-02General BookCentral Library, BUET  2026-02-2312026-02-23Central Library, BUET  7787312014-11-02 2027-02-236624.183/NIL/1986Circulation section624_000000000000000_183NIL1986
1990-10-23Rental ItemCentral Library, BUET  2024-12-04  Central Library, BUET  77816১০/ক-১2024-12-04   624.183 NIL/1986Rental section624_183000000000000_NIL_1986
1990-10-23Rental ItemCentral Library, BUET  2024-12-04  Central Library, BUET  77817১০/ক-২2024-12-04   624.183 NIL/1986Rental section624_183000000000000_NIL_1986
1990-10-23Rental ItemCentral Library, BUET  2024-12-04  Central Library, BUET  77818১০/ক-৩2024-12-04   624.183 NIL/1986Rental section624_183000000000000_NIL_1986
1990-10-23Rental ItemCentral Library, BUET  2024-12-04  Central Library, BUET  77819১০/ক-৪2024-12-04   624.183 NIL/1986Rental section624_183000000000000_NIL_1986
1990-10-23Rental ItemCentral Library, BUET  2024-12-04  Central Library, BUET  77820১০/ক-৫2024-12-04   624.183 NIL/1986Rental section624_183000000000000_NIL_1986
1990-10-23Rental ItemCentral Library, BUET  2024-12-04  Central Library, BUET  77821১০/ক-৬2024-12-04   624.183 NIL/1986Rental section624_183000000000000_NIL_1986
1990-10-23Rental ItemCentral Library, BUET  2024-12-04  Central Library, BUET  77822১০/ক-৭2024-12-04   624.183 NIL/1986Rental section624_183000000000000_NIL_1986
1990-10-23Rental ItemCentral Library, BUET  2024-12-04  Central Library, BUET  77823১০/ক-৮2024-12-04   624.183 NIL/1986Rental section624_183000000000000_NIL_1986
1990-10-23Rental ItemCentral Library, BUET  2024-12-04  Central Library, BUET  77824১০/ক-৯2024-12-04   624.183 NIL/1986Rental section624_183000000000000_NIL_1986
1990-10-23Rental ItemCentral Library, BUET  2024-12-04  Central Library, BUET  77825১০/ক-১০2024-12-04   624.183 NIL/1986Rental section624_183000000000000_NIL_1986
1990-10-23Rental ItemCentral Library, BUET  2024-12-04  Central Library, BUET  77826১০/ক-১১2024-12-04   624.183 NIL/1986Rental section624_183000000000000_NIL_1986
1990-10-23Rental ItemCentral Library, BUET  2024-12-04  Central Library, BUET  77827১০/ক-১২2024-12-04   624.183 NIL/1986Rental section624_183000000000000_NIL_1986
1990-10-23Rental ItemCentral Library, BUET  2024-12-04  Central Library, BUET  77828১০/ক-১৩2024-12-04   624.183 NIL/1986Rental section624_183000000000000_NIL_1986
1990-10-23Rental ItemCentral Library, BUET  2024-12-04  Central Library, BUET  77829১০/ক-১৪2024-12-04   624.183 NIL/1986Rental section624_183000000000000_NIL_1986
1990-10-23Rental ItemCentral Library, BUET  2024-12-04  Central Library, BUET  77830১০/ক-১৫2024-12-04   624.183 NIL/1986Rental section624_183000000000000_NIL_1986
1990-10-23Rental ItemCentral Library, BUET  2024-12-04  Central Library, BUET  77831১০/ক-১৬2024-12-04   624.183 NIL/1986Rental section624_183000000000000_NIL_1986
1990-10-23Rental ItemCentral Library, BUET  2024-12-04  Central Library, BUET  77832১০/ক-১৭2024-12-04   624.183 NIL/1986Rental section624_183000000000000_NIL_1986
1990-10-23Rental ItemCentral Library, BUET  2024-12-04  Central Library, BUET  77833১০/ক-১৮2024-12-04   624.183 NIL/1986Rental section624_183000000000000_NIL_1986
1990-10-23Rental ItemCentral Library, BUET  2024-12-04  Central Library, BUET  77834১০/ক-১৯2024-12-04   624.183 NIL/1986Rental section624_183000000000000_NIL_1986
1990-10-23Rental ItemCentral Library, BUET  2024-12-04  Central Library, BUET  77835১০/ক-২০2024-12-04   624.183 NIL/1986Rental section624_183000000000000_NIL_1986